La formación de Inglaterra (Registro nro. 26982)

Detalles MARC
000 -ENCABEZADO
Número de control [NR] 00830nam a2200241Ia 4500
008 - DE LONGITUD FIJA DE DATOS DE ELEMENTOS - INFORMACIÓN GENERAL
Elementos de longitud fija [NR] 130821s1997 sp gr spa
020 ## - NUMERO INTERNACIONAL NORMALIZADO PARA LIBROS [R]
Número Internacional Normalizado del libro [NR] 8420619078
040 ## - FUENTE DE CATALOGACION [NR]
Agencia de catalogación original [NR] Co-BoUCM
Idioma de catalogación [NR] spa
041 00 - CODIGO DE IDIOMA [R]
Código de idioma para texto/pista de sonido o título separado [R] Español
100 1# - ASIENTO PRINCIPAL--NOMBRE PERSONAL [NR]
Nombre personal [NR] Asimov, Isaac
Fechas asociadas con el nombre [NR] 1920-1992
ID Autoridad 34552
240 ## - TITULO UNIFORME [NR]
Título uniforme [NR] <a href="Historia Universal. ASIMOV">Historia Universal. ASIMOV</a>
245 13 - MENCION DE TITULO [NR]
Título [NR] La formación de Inglaterra
Mención de responsabilidad, etc. [NR] Isaac Asimov ; Traductor Néstor Domínguez
260 ## - PUBLICACION, DISTRIBUCION, ETC. (PIE DE IMPRENTA) [R]
Lugar de publicación, distribución, etc. [R] Madrid (España)
Nombre del editor, distribuidor, etc. [R] Alianza
Fecha de publicación, distribución, etc. [R] 1997
300 ## - DESCRIPCION FISICA [R]
Extensión [R] 270 páginas
490 ## - MENCION DE SERIE [R]
Mención de serie [R] Humanidades
Designación numérica/secuencial del volumen [NR] 907
504 ## - NOTA DE BIBLIOGRAFIA, ETC. [R]
Nota de bibliografía, etc. [NR]
651 ## - ASIENTO SECUNDARIO DE MATERIA - NOMBRE GEOGRAFICO [R]
Nombre geográfico [NR] Gran Bretaña
Subdivisión general [R] Historia
9 (RLIN) 26626
651 ## - ASIENTO SECUNDARIO DE MATERIA - NOMBRE GEOGRAFICO [R]
Nombre geográfico [NR] Gran Bretaña
Subdivisión general [R] Historia
Subdivisión cronológica [R] 43-1215
9 (RLIN) 26626
700 1# - ASIENTO SECUNDARIO - NOMBRE PERSONAL [R]
Nombre personal [NR] Domínguez, Nestor.
Término de relación [R]
9 (RLIN) 157488
765 ## - ASIENTO DE IDIOMA ORIGINAL [R]
Título [NR] <The> shaping of England
942 ## - ELEMENTOS DE ENTRADA AGREGADOS (KOHA)
Tipo de ítem principal el descrito en 300a Libro
Tema principal Historia
Edición 1
Parte restante de la signatura top. A74F
Sistema de clasificación DEWEY
Clasificación 941.01
Existencias
Fecha de último préstamo Total préstamos Total Renewals Signatura topográfica Código de barras Última vez visto Ejemplar Price effective from Tipo de ítem Perdido Sistema de clasificación Dañado No prestable Tipo de ítem específico Suprimido Ubicación habitual Ubicación actual Localización Fecha de creación Forma de adquisición Costo
25/09/2023 18 4 941.01 A74F 100050641 09/12/2025 Ej.1 03/02/2013 Libro   DEWEY     Libro   Claustro Claustro 2do piso 28/02/2003 Compra 22500.00